The frontiers of Baluchistan : (Record no. 330852)
[ view plain ]
| 000 -LEADER | |
|---|---|
| fixed length control field | 01151cam a2200289 i 4500 |
| 001 - CONTROL NUMBER | |
| control field | 4610473 |
| 003 - CONTROL NUMBER IDENTIFIER | |
| control field | NUST |
| 005 - DATE AND TIME OF LATEST TRANSACTION | |
| control field | 20170817110439.0 |
| 008 - FIXED-LENGTH DATA ELEMENTS--GENERAL INFORMATION | |
| fixed length control field | 761005r19761909pk abf 001 0aeng |
| 010 ## - LIBRARY OF CONGRESS CONTROL NUMBER | |
| LC control number | 76930142 |
| 020 ## - INTERNATIONAL STANDARD BOOK NUMBER | |
| Terms of availability | Rs60.00 |
| 040 ## - CATALOGING SOURCE | |
| Original cataloging agency | DLC |
| Transcribing agency | DLC |
| Modifying agency | DLC |
| 043 ## - GEOGRAPHIC AREA CODE | |
| Geographic area code | a-pk--- |
| -- | a-af--- |
| -- | a-ir--- |
| 050 00 - LIBRARY OF CONGRESS CALL NUMBER | |
| Classification number | DS392.B24 |
| Item number | T37 1976 |
| 082 00 - DEWEY DECIMAL CLASSIFICATION NUMBER | |
| Classification number | 915.491504 |
| Author Mark | TAT |
| 100 1# - MAIN ENTRY--PERSONAL NAME | |
| Personal name | Tate, George Passman, |
| Dates associated with a name | 1856- |
| 9 (RLIN) | 3940 |
| 245 14 - TITLE STATEMENT | |
| Title | The frontiers of Baluchistan : |
| Remainder of title | travels on the borders of Persia and Afghanistan / |
| Statement of responsibility, etc. | by G. P. Tate ; with an introd. by Sir A. Henry McMahon. |
| 260 ## - PUBLICATION, DISTRIBUTION, ETC. | |
| Place of publication, distribution, etc. | Lahore : |
| Name of publisher, distributor, etc. | Sang e mil publications., |
| Date of publication, distribution, etc. | 2003. |
| 300 ## - PHYSICAL DESCRIPTION | |
| Extent | xv, 261 p., [34] leaves of plates : |
| Other physical details | ill., fold. map ; |
| Dimensions | 22 cm. |
| 500 ## - GENERAL NOTE | |
| General note | Reprint of the 1909 ed. published by Witherby & Co., London. |
| 500 ## - GENERAL NOTE | |
| General note | Includes index. |
| 600 10 - SUBJECT ADDED ENTRY--PERSONAL NAME | |
| Personal name | Tate, George Passman, |
| Dates associated with a name | 1856- |
| 9 (RLIN) | 3940 |
| 610 20 - SUBJECT ADDED ENTRY--CORPORATE NAME | |
| Corporate name or jurisdiction name as entry element | Sistan Arbitration Mission, 1903-1905. |
| 9 (RLIN) | 3941 |
| 651 #0 - SUBJECT ADDED ENTRY--GEOGRAPHIC NAME | |
| Geographic name | Balochistān (Pakistan) |
| General subdivision | Description and travel. |
| 9 (RLIN) | 3942 |
| 651 #0 - SUBJECT ADDED ENTRY--GEOGRAPHIC NAME | |
| Geographic name | Sistan (Iran and Afghanistan) |
| General subdivision | Description and travel. |
| 9 (RLIN) | 3943 |
| 906 ## - LOCAL DATA ELEMENT F, LDF (RLIN) | |
| a | 7 |
| b | cbc |
| c | orignew |
| d | u |
| e | ncip |
| f | 19 |
| g | y-gencatlg |
| 942 ## - ADDED ENTRY ELEMENTS (KOHA) | |
| Source of classification or shelving scheme | |
| Koha item type | Book |
| Withdrawn status | Lost status | Source of classification or shelving scheme | Damaged status | Not for loan | Collection code | Permanent Location | Current Location | Shelving location | Date acquired | Total Checkouts | Full call number | Barcode | Date last seen | Date last checked out | Copy number | Price effective from | Koha item type |
|---|---|---|---|---|---|---|---|---|---|---|---|---|---|---|---|---|---|
| Central Library (CL) | Central Library (CL) | Book Cart | 08/17/2017 | 1 | 915.491504 TAT | CL2724 | 06/01/2024 | 03/05/2020 | 1 | 08/17/2017 | Book |
